00737nam a2200229 i 4500003000900000005001700009007000300026008004100029040003000070041000800100082001900108110004000127240001800167245008600185264005300271300002500324336002700349337003300376338002800409500003300437651003700470DO-SdBNP20250616115128.0ta250616s2000 dr 001 0 spa d aDO-SdBNPbspacBNPHUerda hspa axxxbR426L2221 aRepublica Dominicana. [Leyes, etc.]10a[Leyes, etc.]10aLey No. 3726 sobre casación del 29 de diciembre de 1953 y leyes complementarias aSanto Domingo :b[editor no identificado],c2004 a22 páginasc21 cm. atextobtxt2rdacontent asin mediaciónbn2rdamedia avolumenbnc2rdacarrier aDel 29 de diciembre de 1953. 4aRepública DominicanaxLey 3726